000 00314nam a2200121 4500
082 0 _a223.2
100 1 _aSeeley, Helen M
245 1 0 _aA book of Psalms
_bGod's love makes us happy :
_cHelen M. Seeley
260 _aUK
_bWycliffe Associates
_cc.2001
300 _a16 p.
700 1 _aSeeley, Helen M
942 _2ddc
_cBK
999 _c64005
_d63979